000
00338nam a2200145Ia 4500
008
150301s2013 xx 000 0 und d
082
_a
616.15
_b
E13M
100
_a
MEHDI, S.R.
245
_a
ESSENTIALS OF BLOOD BANKING
250
_a
2ND
260
_b
JAYPEE
_a
DELHI
_c
2013
300
_a
112
650
_a
BLOOD BANK
942
_2
ddc
_c
BK
_0
11
999
_c
6556
_d
6556